[Event "Norrkoeping Easter op"]
[Site "Norrkoeping"]
[Date "2024.03.30"]
[Round "5"]
[White "Hector, Jonny"]
[Black "Ostlund, Joar"]
[Result "1/2-1/2"]
[WhiteElo "2441"]
[BlackElo "2317"]
[PlyCount "78"]
[EventDate "2024.03.29"]
[EventType "swiss"]
[EventRounds "8"]
[EventCountry "SWE"]
[SourceTitle "CB14_2024"]
[SourceDate "2024.04.01"]
[SourceVersion "1"]
[SourceVersionDate "2024.04.01"]
[SourceQuality "1"]

1. d4 Nf6 2. Nc3 d5 3. Bg5 Nbd7 4. Qd3 c5 5. e4 cxd4 6. Qxd4 e5 7. Qa4 d4 8. Nd5 Be7 9. Nxe7 Qxe7 10. Bd3 0-0 11. Ne2 Nc5 12. Qa5 b6 13. Qd2 h6 14. Bxf6 Qxf6 15. 0-0 Bb7 16. f4 Nxe4 17. Bxe4 Bxe4 18. fxe5 Qxe5 19. Nxd4 Qd5 20. c3 Rae8 21. a3 Re5 22. Rf2 Rfe8 23. Re1 Bg6 24. Rxe5 Qxe5 25. Re2 Qb8 26. Nc6 Rxe2 27. Qxe2 Qa8 28. Ne7+ Kh7 29. Nxg6 Kxg6 30. Qd3+ Kf6 31. Qd6+ Kf5 32. Qd7+ Kg6 33. Qd3+ Kf6 34. Qd4+ Kg6 35. c4 Qc6 36. Qd3+ Kf6 37. Qd4+ Kg6 38. Qd3+ Kf6 39. Qd4+ Kg6 1/2-1/2

[Event "Vaxjo op"]
[Site "Vaxjo"]
[Date "2024.02.11"]
[Round "8"]
[White "Johansson, Linus"]
[Black "Ostlund, Joar"]
[Result "1-0"]
[WhiteElo "2434"]
[BlackElo "2327"]
[PlyCount "49"]
[EventDate "2024.02.09"]
[EventType "swiss"]
[EventRounds "8"]
[EventCountry "SWE"]
[SourceTitle "CB07_2024"]
[SourceDate "2024.02.14"]
[SourceVersion "1"]
[SourceVersionDate "2024.02.14"]
[SourceQuality "1"]

1. d4 Nf6 2. c4 e6 3. Nc3 d5 4. cxd5 exd5 5. Bg5 Be7 6. e3 0-0 7. Bd3 Re8 8. h3 h6 9. Bf4 c5 10. Nf3 Nc6 11. 0-0 a6 12. dxc5 Bxc5 13. Rc1 d4 14. Ne2 Ba7 15. Nexd4 Nxd4 16. Nxd4 Nd5 17. Ne2 g5 18. Bg3 Bxh3 19. gxh3 Nxe3 20. fxe3 Rxe3 21. Bc4 Rxg3+ 22. Kh2 Re3 23. Rxf7 Kh8 24. Qxd8+ Rxd8 25. Rxb7 1-0

[Event "Vaxjo op"]
[Site "Vaxjo"]
[Date "2024.02.10"]
[Round "6"]
[White "Seo, Jung Min"]
[Black "Ostlund, Joar"]
[Result "1-0"]
[WhiteElo "2466"]
[BlackElo "2327"]
[PlyCount "153"]
[EventDate "2024.02.09"]
[EventType "swiss"]
[EventRounds "8"]
[EventCountry "SWE"]
[SourceTitle "CB07_2024"]
[SourceDate "2024.02.14"]
[SourceVersion "1"]
[SourceVersionDate "2024.02.14"]
[SourceQuality "1"]

1. e4 e5 2. Nf3 Nc6 3. Bb5 Nf6 4. d3 d6 5. c3 Bd7 6. Nbd2 a6 7. Ba4 g6 8. 0-0 Bg7 9. Re1 0-0 10. Nf1 h6 11. Ng3 Re8 12. h3 d5 13. Be3 Qe7 14. b4 dxe4 15. dxe4 Nd8 16. Bc2 b6 17. Qd2 Kh7 18. Rad1 a5 19. a3 Nb7 20. Nxe5 Qxe5 21. Bf4 Qe7 22. e5 Bc6 23. exf6 Qxf6 24. Rxe8 Rxe8 25. Nh5 Qxc3 26. Nxg7 Qxd2 27. Rxd2 Kxg7 28. Bxc7 axb4 29. axb4 b5 30. f3 Re7 31. Bb6 Rd7 32. Re2 Nd6 33. Bd4+ Kf8 34. Kf2 Nc4 35. Bf6 Na3 36. Bb3 Rd3 37. Re3 Rd2+ 38. Re2 Rd3 39. Ba2 Bd5 40. Bxd5 Rxd5 41. Ra2 Rd6 42. Be5 Rd5 43. f4 Nc4 44. Bf6 Ke8 45. Re2+ Kd7 46. Re7+ Kd6 47. Rxf7 Rd2+ 48. Kf3 Rd3+ 49. Ke4 Rg3 50. Be5+ Nxe5 51. fxe5+ Ke6 52. Rf6+ Ke7 53. Rf2 Rb3 54. Kd5 Rxb4 55. Rf6 Rb2 56. Rxg6 Rd2+ 57. Ke4 h5 58. g4 hxg4 59. hxg4 Re2+ 60. Kf4 Rf2+ 61. Ke3 Rg2 62. Kf3 Rb2 63. Rb6 b4 64. g5 Rb1 65. g6 Rg1 66. Kf4 b3 67. Kf5 Rf1+ 68. Kg5 Rg1+ 69. Kh6 Rh1+ 70. Kg7 Rb1 71. Kg8 b2 72. g7 Kd7 73. Rd6+ Ke7 74. Rd2 Ke6 75. Re2 Kd7 76. Rh2 Ke7 77. Kh7 1-0

[Event "Vaxjo op"]
[Site "Vaxjo"]
[Date "2024.02.09"]
[Round "1"]
[White "Ostlund, Joar"]
[Black "Magnussen, Pal"]
[Result "1-0"]
[WhiteElo "2327"]
[BlackElo "1812"]
[PlyCount "95"]
[EventDate "2024.02.09"]
[EventType "swiss"]
[EventRounds "8"]
[EventCountry "SWE"]
[SourceTitle "CB07_2024"]
[SourceDate "2024.02.14"]
[SourceVersion "1"]
[SourceVersionDate "2024.02.14"]
[SourceQuality "1"]

1. d4 Nf6 2. c4 c5 3. d5 b5 4. cxb5 a6 5. bxa6 Bxa6 6. Nc3 g6 7. Nf3 Bg7 8. e4 Bxf1 9. Kxf1 d6 10. g3 0-0 11. Kg2 Nbd7 12. a4 Qa5 13. Qc2 Rfb8 14. Ra3 Ng4 15. h3 Nge5 16. Nxe5 Nxe5 17. Nb5 Qd8 18. b3 Nd7 19. Bb2 Bxb2 20. Qxb2 Qa5 21. Raa1 Qb4 22. Qc2 Nf6 23. Rhe1 h5 24. Rac1 Qa5 25. Qc3 Qd8 26. Rcd1 Ne8 27. e5 Nc7 28. Na3 Rb4 29. Nc4 Rab8 30. exd6 exd6 31. Na5 Qg5 32. Qe3 Qxe3 33. Rxe3 Re8 34. Rxe8+ Nxe8 35. Rc1 Rd4 36. Nc6 Rd2 37. Ra1 Kg7 38. a5 Rxd5 39. a6 Nc7 40. a7 Na8 41. Ra5 Rd2 42. Rb5 d5 43. Rb8 Nc7 44. Rc8 c4 45. bxc4 dxc4 46. Rxc7 Ra2 47. Rc8 c3 48. a8Q 1-0

[Event "Rilton Cup 51st"]
[Site "Stockholm"]
[Date "2024.01.03"]
[Round "7"]
[White "Bronstein, Or"]
[Black "Ostlund, Joar"]
[Result "1-0"]
[WhiteElo "2428"]
[BlackElo "2326"]
[PlyCount "137"]
[EventDate "2023.12.27"]
[EventType "swiss"]
[EventRounds "9"]
[EventCountry "SWE"]
[SourceTitle "CB02_2024"]
[SourceDate "2024.01.10"]
[SourceVersion "1"]
[SourceVersionDate "2024.01.10"]
[SourceQuality "1"]

1. d4 d5 2. c4 e6 3. Nc3 Nf6 4. cxd5 exd5 5. Bg5 c6 6. e3 Be7 7. Bd3 0-0 8. Nf3 h6 9. Bf4 Nh5 10. Be5 Nd7 11. h3 Nxe5 12. dxe5 g6 13. 0-0 Ng7 14. Qc2 Be6 15. Rad1 Rc8 16. Rfe1 Qc7 17. e4 d4 18. Ne2 c5 19. b3 g5 20. Ng3 g4 21. hxg4 Bxg4 22. Qd2 Bxf3 23. gxf3 Qxe5 24. f4 Qc7 25. Kg2 f5 26. Rh1 Rf6 27. Rdg1 fxe4 28. Nxe4 Rg6+ 29. Ng3 Rf6 30. Kf1 Qxf4 31. Qxf4 Rxf4 32. Rxh6 Kf7 33. Rh7 Rh4 34. Nh5 Bf8 35. Bg6+ Ke7 36. Nxg7 Rxh7 37. Bxh7 Kd6 38. Rg6+ Kd5 39. Nh5 c4 40. Bg8+ Kc5 41. Bxc4 Kb4 42. Nf4 Ka3 43. Ne6 Kxa2 44. Nxd4 Kb2 45. Ne6 Bb4 46. Rg7 Rb8 47. Nf4 b5 48. Be6 Bd6 49. Ne2 a5 50. Ra7 Re8 51. Bd5 Re5 52. Bg8 Re8 53. Rg7 Be5 54. Rg6 a4 55. bxa4 bxa4 56. Rb6+ Ka1 57. Bh7 Bb2 58. Rd6 Rh8 59. Be4 Ka2 60. Rd2 Rc8 61. Nf4 Kb3 62. Rd3+ Ka2 63. Nd5 Rc4 64. Bf5 a3 65. Ke2 Ka1 66. Ne3 Rc5 67. Rd1+ Bc1 68. Bd3 a2 69. Nc4 1-0

[Event "Rilton Cup 51st"]
[Site "Stockholm"]
[Date "2023.12.29"]
[Round "3"]
[White "Ostlund, Joar"]
[Black "Martins, David Pires Tavares"]
[Result "1-0"]
[WhiteElo "2326"]
[BlackElo "2428"]
[PlyCount "73"]
[EventDate "2023.12.27"]
[EventType "swiss"]
[EventRounds "9"]
[EventCountry "SWE"]
[SourceTitle "CB02_2024"]
[SourceDate "2024.01.10"]
[SourceVersion "1"]
[SourceVersionDate "2024.01.10"]
[SourceQuality "1"]

1. d4 e6 2. c4 d5 3. Nc3 c5 4. cxd5 exd5 5. Nf3 Nc6 6. dxc5 d4 7. Na4 b5 8. cxb6 axb6 9. b3 Nf6 10. e4 b5 11. Nb2 Nxe4 12. Qc2 Bb4+ 13. Bd2 0-0 14. Bxb5 Nxd2 15. Nxd2 Qg5 16. Bxc6 Bf5 17. Qd1 Bg4 18. f3 Rae8+ 19. Bxe8 Bxf3 20. gxf3 Rxe8+ 21. Kf1 Bxd2 22. Rg1 Qf4 23. Rg2 Bc3 24. Nd3 Qf5 25. Rc1 Re3 26. Nf2 Rxf3 27. Qe2 h5 28. Kg1 Re3 29. Qf1 h4 30. h3 Rf3 31. Qe2 g6 32. Ng4 Kh7 33. Rf1 Rf4 34. Rxf4 Qxf4 35. Qf1 Qc7 36. Nf6+ Kh8 37. Ne8 1-0

[Event "SWE-chT 2324 Elite"]
[Site "Sweden"]
[Date "2023.10.15"]
[Round "3.2"]
[White "Andersson, Fredrik1"]
[Black "Ostlund, Joar"]
[Result "0-1"]
[WhiteElo "2245"]
[BlackElo "2258"]
[PlyCount "76"]
[EventDate "2023.10.13"]
[EventType "team-tourn"]
[EventRounds "9"]
[EventCountry "SWE"]
[SourceTitle "Mega2024 Update 01"]
[Source "Chessbase"]
[SourceDate "2023.11.12"]
[SourceVersion "1"]
[SourceVersionDate "2023.11.12"]
[SourceQuality "1"]
[WhiteTeam "Kungstornet"]
[BlackTeam "Wasa"]
[WhiteTeamCountry "SWE"]
[BlackTeamCountry "SWE"]

1. d4 Nf6 2. c4 e6 3. Nc3 d5 4. cxd5 exd5 5. Bg5 c6 6. e3 h6 7. Bh4 Be7 8. Bd3 0-0 9. Qc2 Re8 10. Nge2 a5 11. 0-0 Na6 12. a3 Nc7 13. h3 Ne6 14. f3 b5 15. Bf2 Ba6 16. e4 b4 17. Bxa6 bxc3 18. Bd3 cxb2 19. Qxb2 dxe4 20. Bxe4 Nxe4 21. fxe4 c5 22. dxc5 Nxc5 23. Rad1 Qb8 24. Qd4 Rd8 25. Qc4 Qb3 26. Rc1 Qxc4 27. Rxc4 Nd3 28. a4 Nb2 29. Rc7 Bd6 30. Rb7 Nxa4 31. Bd4 f6 32. Rf5 Re8 33. Rd5 Re7 34. Rbb5 Bb4 35. e5 fxe5 36. Bxe5 Rae8 37. Kf2 Bc5+ 38. Rbxc5 Nxc5 0-1

[Event "SWE-ch U20"]
[Site "Helsingborg"]
[Date "2023.07.09"]
[Round "9"]
[White "Joensson, Oscar"]
[Black "Ostlund, Joar"]
[Result "0-1"]
[WhiteElo "2077"]
[BlackElo "2265"]
[PlyCount "82"]
[EventDate "2023.07.01"]
[EventType "tourn"]
[EventRounds "9"]
[EventCountry "SWE"]
[SourceTitle "CBM 215 Extra"]
[Source "ChessBase"]
[SourceDate "2023.09.30"]
[SourceVersion "1"]
[SourceVersionDate "2023.09.30"]
[SourceQuality "1"]

1. d4 Nf6 2. c4 e6 3. g3 Bb4+ 4. Bd2 Be7 5. Bg2 d5 6. Nf3 0-0 7. 0-0 c6 8. Qc2 Nbd7 9. b3 a5 10. Nc3 b6 11. e4 dxe4 12. Nxe4 Bb7 13. Ne5 Nxe5 14. dxe5 Nxe4 15. Bxe4 h6 16. Be3 Qc7 17. c5 b5 18. f4 b4 19. a3 Ba6 20. Rfd1 bxa3 21. Rxa3 Bb5 22. Rda1 f6 23. Qc3 fxe5 24. fxe5 Bd8 25. Qd4 Qf7 26. R3a2 Bc7 27. Rf2 Qe7 28. Bc2 Rxf2 29. Kxf2 Qf7+ 30. Kg1 Qf3 31. Re1 Rf8 32. Qd7 Bf1 33. Qd2 Bh3 34. Qf2 Bxe5 35. Qxf3 Rxf3 36. Be4 Rxe3 37. Rxe3 Bd4 38. Kf2 Bxc5 39. Bxc6 Bg4 40. Bg2 Bxe3+ 41. Kxe3 Bd1 0-1

[Event "SWE-ch U20"]
[Site "Helsingborg"]
[Date "2023.07.05"]
[Round "5"]
[White "Ostlund, Joar"]
[Black "Lindholm, Gustav"]
[Result "1-0"]
[WhiteElo "2265"]
[BlackElo "2155"]
[PlyCount "69"]
[EventDate "2023.07.01"]
[EventType "tourn"]
[EventRounds "9"]
[EventCountry "SWE"]
[SourceTitle "CBM 215 Extra"]
[Source "ChessBase"]
[SourceDate "2023.09.30"]
[SourceVersion "1"]
[SourceVersionDate "2023.09.30"]
[SourceQuality "1"]

1. d4 d5 2. c4 c6 3. Nf3 Nf6 4. Nc3 dxc4 5. a4 Bf5 6. Ne5 Nbd7 7. Nxc4 Qc7 8. g3 e5 9. dxe5 Nxe5 10. Bf4 Nfd7 11. Bg2 g5 12. Bxe5 Nxe5 13. Qd4 f6 14. 0-0-0 Be7 15. Ne3 Be6 16. Qe4 Bd7 17. Nf5 Bxf5 18. Qxf5 Qc8 19. Qe4 Qg4 20. Qc2 Qe6 21. Be4 h6 22. h4 Rd8 23. Rxd8+ Bxd8 24. hxg5 fxg5 25. f4 Ng4 26. Bf5 Qe3+ 27. Kb1 Nf2 28. Bg6+ Kd7 29. Bf5+ Ke8 30. Nd1 Nxd1 31. Rxd1 gxf4 32. Bg6+ Ke7 33. Qf5 Qe6 34. Qc5+ Kf6 35. Rd6 1-0

[Event "Deltalift op"]
[Site "Tylosand"]
[Date "2023.05.19"]
[Round "5"]
[White "Ostlund, Joar"]
[Black "Hector, Jonny"]
[Result "0-1"]
[WhiteElo "2261"]
[BlackElo "2482"]
[PlyCount "69"]
[EventDate "2023.05.18"]
[EventType "swiss"]
[EventRounds "8"]
[EventCountry "SWE"]
[SourceTitle "CBM 214 Extra"]
[Source "ChessBase"]
[SourceDate "2023.07.31"]
[SourceVersion "1"]
[SourceVersionDate "2023.07.31"]
[SourceQuality "1"]

1. d4 d5 2. c4 c6 3. Nf3 Nf6 4. Nc3 dxc4 5. a4 Bf5 6. Ne5 Nbd7 7. Nxc4 Qc7 8. g3 e5 9. dxe5 Nxe5 10. Bf4 Nfd7 11. Bg2 g5 12. Ne3 gxf4 13. Nxf5 0-0-0 14. 0-0 fxg3 15. hxg3 h5 16. a5 a6 17. Ne4 h4 18. gxh4 Ng4 19. Neg3 Bc5 20. e3 Rhg8 21. Qc2 Rde8 22. Rfe1 Nxe3 23. fxe3 Rxg3 24. Nxg3 Qxg3 25. Qf2 Bxe3 26. Rxe3 Qxe3 27. Qxe3 Rxe3 28. Kf2 Rb3 29. h5 Ne5 30. Rh1 Ng4+ 31. Ke2 Nh6 32. Bf3 Rxb2+ 33. Ke3 Rb5 34. Rg1 Rxa5 35. Rg7 0-1

[Event "Rilton Cup 50th"]
[Site "Stockholm"]
[Date "2023.01.04"]
[Round "8"]
[White "Deuer, Marius"]
[Black "Ostlund, Joar"]
[Result "1-0"]
[WhiteElo "2324"]
[BlackElo "2212"]
[PlyCount "119"]
[EventDate "2022.12.27"]
[EventType "swiss"]
[EventRounds "9"]
[EventCountry "SWE"]
[SourceTitle "CBM 212 Extra"]
[Source "ChessBase"]
[SourceDate "2023.03.31"]
[SourceVersion "1"]
[SourceVersionDate "2023.03.31"]
[SourceQuality "1"]

1. d4 d5 2. c4 e6 3. Nc3 Be7 4. cxd5 exd5 5. Bf4 c6 6. e3 Bf5 7. Nge2 Nd7 8. f3 Ngf6 9. Ng3 Bg6 10. Bd3 Bxd3 11. Qxd3 0-0 12. 0-0 Re8 13. Rad1 Qb6 14. b3 Rad8 15. Kh1 Bb4 16. Nce2 c5 17. Qb1 Qa6 18. dxc5 Nxc5 19. Nd4 Ne6 20. Be5 Nd7 21. Nxe6 Qxe6 22. Bb2 Bd6 23. Nf5 Be5 24. Bxe5 Qxe5 25. Rfe1 Nf6 26. Nd4 g6 27. Kg1 h5 28. Qb2 Rd7 29. Qf2 Rde7 30. Qh4 Kg7 31. Re2 Qd6 32. Rde1 Re5 33. Qg3 Qb6 34. h4 Nd7 35. Qf2 Nc5 36. Rd1 Kh7 37. Qe1 Qf6 38. Qc3 Ne6 39. Nb5 Ng7 40. Rxd5 Qf5 41. Nd6 Rxd5 42. Nxf5 Nxf5 43. e4 Rd6 44. Rd2 Rc6 45. Qb4 Nxh4 46. Qxb7 Rf6 47. Qxa7 g5 48. Rd6 Rf4 49. Rd7 Kg7 50. Qd4+ Kg6 51. Rd8 Rxd8 52. Qxd8 Rf6 53. b4 Rc6 54. Qd2 g4 55. f4 Kh7 56. b5 Rc5 57. Qb2 Ng6 58. b6 Nxf4 59. b7 Nd3 60. Qb1 1-0

[Event "Rilton Cup 50th"]
[Site "Stockholm"]
[Date "2023.01.03"]
[Round "7"]
[White "Ostlund, Joar"]
[Black "Srinath, Rao SV"]
[Result "1/2-1/2"]
[WhiteElo "2212"]
[BlackElo "2296"]
[PlyCount "108"]
[EventDate "2022.12.27"]
[EventType "swiss"]
[EventRounds "9"]
[EventCountry "SWE"]
[SourceTitle "CBM 212 Extra"]
[Source "ChessBase"]
[SourceDate "2023.03.31"]
[SourceVersion "1"]
[SourceVersionDate "2023.03.31"]
[SourceQuality "1"]

1. d4 Nf6 2. c4 g6 3. Nc3 Bg7 4. e4 d6 5. Be2 0-0 6. h4 c5 7. d5 e6 8. h5 exd5 9. exd5 Re8 10. Kf1 Ne4 11. Nxe4 Rxe4 12. Nf3 Bg4 13. hxg6 hxg6 14. Bg5 Qb6 15. Rb1 Nd7 16. Qc2 Ree8 17. Bd3 Qa6 18. Nh2 Bf5 19. Bxf5 gxf5 20. Nf3 Ne5 21. b3 b5 22. Qxf5 bxc4 23. Bf6 c3+ 24. Kg1 Qd3 25. Qxd3 Nxd3 26. Bg5 c2 27. Rf1 Bb2 28. Rh4 f6 29. Bh6 c1Q 30. Rg4+ Kf7 31. Rg7+ Kf8 32. Rg5+ Ke7 33. Rg7+ Kd8 34. Bxc1 Nxc1 35. g3 Ne2+ 36. Kg2 Rc8 37. Rxa7 Rc7 38. Ra6 Kd7 39. Nd2 Be5 40. Nc4 Rg8 41. Rh1 Rg7 42. Kf1 Nc3 43. Rh8 Nxd5 44. f4 Nb4 45. Rb6 Nd5 46. Ra6 Nxf4 47. Nxe5+ fxe5 48. gxf4 Rf7 49. Ke2 exf4 50. Rh6 Rc6 51. Ra7+ Rc7 52. Ra6 Rc6 53. Ra7+ Rc7 54. Ra6 Rc6 1/2-1/2

[Event "Rilton Cup 50th"]
[Site "Stockholm"]
[Date "2022.12.29"]
[Round "3"]
[White "Nandhidhaa, PV."]
[Black "Ostlund, Joar"]
[Result "1-0"]
[WhiteElo "2358"]
[BlackElo "2212"]
[PlyCount "131"]
[EventDate "2022.12.27"]
[EventType "swiss"]
[EventRounds "9"]
[EventCountry "SWE"]
[SourceTitle "CBM 212 Extra"]
[Source "ChessBase"]
[SourceDate "2023.03.31"]
[SourceVersion "1"]
[SourceVersionDate "2023.03.31"]
[SourceQuality "1"]

1. d4 d5 2. Nf3 Nf6 3. c3 e6 4. Bf4 Bd6 5. e3 0-0 6. Nbd2 Bxf4 7. exf4 c5 8. dxc5 Qc7 9. g3 Qxc5 10. Bg2 Nc6 11. 0-0 b5 12. Ne5 a5 13. a4 Nxe5 14. fxe5 Nd7 15. Re1 bxa4 16. Rxa4 Rb8 17. Nb3 Qc7 18. Qc2 Nxe5 19. Nxa5 Bd7 20. Ra2 Ra8 21. b4 Bb5 22. Qd2 Rfc8 23. Rc2 Nd3 24. Re2 Ne5 25. Re1 Ra6 26. Qd4 Nc6 27. Qc5 Rb6 28. c4 Nxa5 29. Qxc7 Rxc7 30. bxa5 Rbb7 31. Bxd5 Bc6 32. Bxc6 Rxc6 33. Ra1 Kf8 34. Kf1 Ke7 35. Ke2 Kd6 36. Kd3 Ra6 37. Kc3 Rba7 38. Rca2 Kc5 39. f4 Rb7 40. Re1 f6 41. f5 exf5 42. Rd2 Rd6 43. Rxd6 Kxd6 44. Kd4 Ra7 45. c5+ Kd7 46. Ra1 Kc6 47. Kc4 h5 48. a6 g5 49. Kb4 Ra8 50. Ka5 Kxc5 51. Rf1 Kc6 52. Rxf5 Rf8 53. Rb5 f5 54. a7 Kc7 55. Rb6 Re8 56. Ka6 Re2 57. Rc6+ Kd7 58. Rc5 Kd6 59. Ra5 Re8 60. Kb7 Ke6 61. a8Q Rxa8 62. Kxa8 Kf6 63. h4 gxh4 64. gxh4 f4 65. Rxh5 f3 66. Ra5 1-0

[Event "Uppsala Young Champions 9th"]
[Site "Uppsala"]
[Date "2022.10.29"]
[Round "3"]
[White "Stefansson, Vignir Vatnar"]
[Black "Ostlund, Joar"]
[Result "1-0"]
[WhiteElo "2471"]
[BlackElo "2256"]
[PlyCount "63"]
[EventDate "2022.10.28"]
[EventType "swiss"]
[EventRounds "9"]
[EventCountry "SWE"]
[SourceTitle "EXT 2024"]
[Source "ChessBase"]
[SourceDate "2023.10.10"]
[SourceVersion "1"]
[SourceVersionDate "2023.10.10"]
[SourceQuality "1"]

1. c4 e6 2. Nf3 d5 3. g3 Nf6 4. Bg2 Be7 5. 0-0 0-0 6. d4 c6 7. Qc2 b6 8. Nbd2 Bb7 9. e4 Na6 10. a3 c5 11. exd5 exd5 12. Rd1 Qc7 13. b3 Rac8 14. Bb2 dxc4 15. Qxc4 cxd4 16. Qxc7 Rxc7 17. Nxd4 Bxg2 18. Kxg2 Nc5 19. Rac1 Rd8 20. b4 Na6 21. N2f3 Ne8 22. Nb5 Rxd1 23. Rxd1 Rc2 24. Bd4 Ra2 25. Be3 Nb8 26. Rc1 Nd7 27. Rc8 Ndf6 28. Nc7 Rc2 29. Nd5 Nxd5 30. Rxc2 Nd6 31. Nd4 Bf6 32. Nb5 1-0

[Event "Uppsala Young Champions 9th"]
[Site "Uppsala"]
[Date "2022.10.28"]
[Round "1"]
[White "Lilliehook, Victor"]
[Black "Ostlund, Joar"]
[Result "0-1"]
[WhiteElo "1683"]
[BlackElo "2256"]
[PlyCount "66"]
[EventDate "2022.10.28"]
[EventType "swiss"]
[EventRounds "9"]
[EventCountry "SWE"]
[SourceTitle "EXT 2024"]
[Source "ChessBase"]
[SourceDate "2023.10.10"]
[SourceVersion "1"]
[SourceVersionDate "2023.10.10"]
[SourceQuality "1"]

1. e4 e5 2. Nf3 Nc6 3. Bc4 Bc5 4. d3 Nf6 5. a4 d6 6. c3 a6 7. Nbd2 Ba7 8. h3 h6 9. b4 0-0 10. 0-0 d5 11. exd5 Nxd5 12. Ne4 f5 13. Qb3 Nce7 14. Nxe5 fxe4 15. dxe4 c6 16. exd5 cxd5 17. Bd3 Qd6 18. Ng4 Bxg4 19. hxg4 Qg3 20. Ra2 Qxd3 21. Rd2 Qe4 22. Qd1 Ng6 23. Re2 Qc4 24. Re6 Nf4 25. Re7 Nd3 26. Be3 Bxe3 27. Rxe3 Nf4 28. Re7 Rae8 29. Rfe1 Rxe7 30. Rxe7 Qxc3 31. Rxb7 d4 32. Kh2 Nxg2 33. Kxg2 Qc6+ 0-1

[Event "SWE-ch U20"]
[Site "Uppsala"]
[Date "2022.07.03"]
[Round "2"]
[White "Ostlund, Joar"]
[Black "Wernberg, Hugo"]
[Result "1/2-1/2"]
[WhiteElo "2222"]
[BlackElo "2316"]
[PlyCount "76"]
[EventDate "2022.07.02"]
[EventType "tourn"]
[EventRounds "9"]
[EventCountry "SWE"]
[SourceTitle "CBM 209 Extra"]
[Source "ChessBase"]
[SourceDate "2022.09.30"]
[SourceVersion "1"]
[SourceVersionDate "2022.09.30"]
[SourceQuality "1"]

1. d4 d5 2. Nf3 Nf6 3. c4 e6 4. Nc3 Be7 5. Bf4 0-0 6. e3 Nbd7 7. c5 Nh5 8. Bd3 Nxf4 9. exf4 b6 10. b4 a5 11. a3 c6 12. 0-0 Ba6 13. Bxa6 Rxa6 14. Qe2 Qa8 15. Rab1 axb4 16. axb4 Ra3 17. Rfc1 Bf6 18. Qd2 bxc5 19. bxc5 Rb8 20. Ne5 Nxe5 21. fxe5 Bd8 22. Rxb8 Qxb8 23. Rb1 Qa8 24. Qb2 Kf8 25. g3 Ke8 26. Kg2 Qa5 27. Qb7 Qc7 28. Qb2 Qa7 29. Qb4 Ra5 30. Qb3 Ra3 31. Qb2 Qa6 32. Qb4 Bc7 33. Rb3 Ra1 34. Rb1 Ra3 35. Rb3 Ra5 36. Rb2 Kd7 37. Ne2 Qd3 38. Qd2 Qxd2 1/2-1/2

[Event "Uppsala Young Champions 7th"]
[Site "Uppsala"]
[Date "2020.10.26"]
[Round "5"]
[White "Ostlund, Joar"]
[Black "Grahn, Vidar"]
[Result "1-0"]
[WhiteElo "2106"]
[BlackElo "1864"]
[PlyCount "89"]
[EventDate "2020.10.23"]
[EventType "swiss"]
[EventRounds "9"]
[EventCountry "SWE"]
[SourceTitle "CBM 199 Extra"]
[Source "ChessBase"]
[SourceDate "2021.01.31"]
[SourceVersion "1"]
[SourceVersionDate "2021.01.31"]
[SourceQuality "1"]

1. d4 Nf6 2. c4 g6 3. Nc3 Bg7 4. e4 d6 5. Nf3 0-0 6. Be2 e5 7. 0-0 Nbd7 8. Be3 Ng4 9. Bg5 f6 10. Bh4 Nh6 11. Rc1 Nf7 12. b4 h5 13. Bg3 Bh6 14. Rc2 Bf4 15. Bxf4 exf4 16. Nh4 Kg7 17. Nd5 f5 18. Nxg6 Kxg6 19. Nxf4+ Kh6 20. Ne6 Qh4 21. exf5 Rg8 22. g3 Nf6 23. Qd2+ Rg5 24. Nxg5 Qxg5 25. Bd3 Qxd2 26. Rxd2 Ng5 27. Kg2 Nge4 28. Re2 Bxf5 29. Re3 d5 30. cxd5 Nxd5 31. Rxe4 Bxe4+ 32. Bxe4 Nxb4 33. a3 Na2 34. Ra1 Nc3 35. Bxb7 Rd8 36. Rc1 Nb5 37. a4 Nxd4 38. Rxc7 a5 39. Be4 Re8 40. Bd3 Rh8 41. h4 Nb3 42. Ra7 Nc5 43. Bc2 Ne6 44. Ra6 Re8 45. Bb3 1-0

[Event "Uppsala Young Champions 7th"]
[Site "Uppsala"]
[Date "2020.10.26"]
[Round "6"]
[White "Ostlund, Joar"]
[Black "Nilsson, Joakim"]
[Result "0-1"]
[WhiteElo "2106"]
[BlackElo "2224"]
[PlyCount "86"]
[EventDate "2020.10.23"]
[EventType "swiss"]
[EventRounds "9"]
[EventCountry "SWE"]
[SourceTitle "CBM 199 Extra"]
[Source "ChessBase"]
[SourceDate "2021.01.31"]
[SourceVersion "1"]
[SourceVersionDate "2021.01.31"]
[SourceQuality "1"]

1. d4 d5 2. Nf3 Nf6 3. c4 e6 4. Nc3 Be7 5. Bf4 0-0 6. e3 b6 7. Bd3 dxc4 8. Bxc4 Bb7 9. 0-0 Bd6 10. Bg5 Be7 11. Qe2 Ne4 12. Bxe7 Qxe7 13. Rac1 Nxc3 14. Rxc3 Nd7 15. Bb5 c5 16. Bxd7 Qxd7 17. dxc5 bxc5 18. Rxc5 Rac8 19. Rfc1 Rxc5 20. Rxc5 Qa4 21. a3 Rd8 22. h3 h6 23. Rc7 Be4 24. Nd4 Qa5 25. Rc3 Qb6 26. Nb3 Qd6 27. Nc5 Bg6 28. b4 Qe5 29. Rc1 Bh5 30. Qc2 Bg6 31. Qa4 Qd5 32. Qxa7 Qd2 33. Rf1 Bh5 34. Ne4 Qb2 35. Qa5 Rd5 36. Qa4 Kh7 37. Nc5 Rg5 38. Nd3 Bf3 39. Ne1 Qe2 40. h4 Rg4 41. g3 Be4 42. Qe8 Rxh4 43. Ng2 Rh1+ 0-1

[Event "Uppsala Young Champions 7th"]
[Site "Uppsala"]
[Date "2020.10.25"]
[Round "4"]
[White "Brozka, Karel"]
[Black "Ostlund, Joar"]
[Result "1-0"]
[WhiteElo "2216"]
[BlackElo "2106"]
[PlyCount "89"]
[EventDate "2020.10.23"]
[EventType "swiss"]
[EventRounds "9"]
[EventCountry "SWE"]
[SourceTitle "CBM 199 Extra"]
[Source "ChessBase"]
[SourceDate "2021.01.31"]
[SourceVersion "1"]
[SourceVersionDate "2021.01.31"]
[SourceQuality "1"]

1. d4 Nf6 2. c4 e6 3. Nc3 d5 4. Bg5 Be7 5. e3 h6 6. Bh4 0-0 7. Nf3 b6 8. cxd5 Nxd5 9. Bxe7 Qxe7 10. Nxd5 exd5 11. Ne5 c5 12. Be2 Bf5 13. Bf3 Rd8 14. 0-0 f6 15. Nd3 c4 16. Nf4 Be4 17. Bxe4 Qxe4 18. Qh5 Nc6 19. Rad1 Rd6 20. Rfe1 Qe8 21. Qg4 Qd7 22. Qf3 Rd8 23. Rd2 b5 24. h4 b4 25. h5 Rc8 26. Rc1 Ne7 27. Rdc2 Rdc6 28. e4 dxe4 29. Qxe4 b3 30. Re2 bxa2 31. Ra1 c3 32. bxc3 Rxc3 33. Raxa2 Rc1+ 34. Kh2 Qf5 35. Rxa7 Qxe4 36. Rxe4 Nc6 37. Rd7 Rd1 38. Ne6 Kh8 39. Rg4 Rg8 40. f4 Rd3 41. d5 Nb4 42. d6 Nc6 43. Rg6 Rd5 44. Nxg7 Nb8 45. Rxh6# 1-0